Llwytho...

Navarangam (m)

Manylion Llyfryddiaeth
Prif Awdur: Leelavathi, M
Fformat: Printed Book
Cyhoeddwyd: Kottayam Sahithya Pravarthaka Co-operative Society Ltd. 1973
Pynciau:
LEADER 00412nam a2200157 4500
082
100 |a Leelavathi, M 
245 |a Navarangam (m) 
250
260 |a Kottayam  |b Sahithya Pravarthaka Co-operative Society Ltd.  |c 1973 
300 |a 126 p 
490
650 |a Malayalam essays 
942 |c BK 
999 |c 221358  |d 221358 
952 |0 0  |1 0  |4 0  |7 0  |9 235491  |a SDE  |b SDE  |d 2019-12-12  |l 0  |p SDE643  |r 2019-12-12  |w 2019-12-12  |y BK